¿Granada o Granada? - Estadísticas

Estadísticas generales
  • Esta prueba ha sido intentada 3.814 veces
    3.710 desde el último reinicio
  • La puntuación promedio es 7 de 10
Estadísticas de respuestas
Pregunta Respuesta % Correcto
Es conocida por la Alhambra Granada (provincia)
93%
Se apoda "La isla de las especias" Granada (país)
92%
Es parte de la Unión Europea Granada (provincia)
87%
Anteriormente, se llamaba "Concepción" Granada (país)
86%
Tiene salida al mar Ambos
79%
Tiene más población Granada (provincia)
77%
Está más al sur Granada (país)
66%
Tiene como idioma oficial el español Granada (provincia)
66%
Su gentilicio es "Granadino, -a" Ambos
53%
Tiene rojo y verde en su bandera Ambos
35%
No se encontraron pruebas coincidentes
Distribución de puntuación
Porcentaje de gente con cada puntuación
Porcentaje por número respondido
Historial de tus puntuaciones
No has intentado esta prueba desde el último reinicio